Guess The Lead Actor In Bollywood Movie #Easy# - Statistics

General Stats
  • This quiz has been taken 447 times
  • The average score is 12 of 17
Answer Stats
Name Of The Movie Name Of The Actor % Correct
Barfi! Ranbir Kapoor
89%
Jab We Met Shahid Kapoor
89%
Dilwale Dulhania Le Jayenge Shah Rukh Khan
87%
Dabbang Salman Khan
86%
Lagaan Aamir Khan
82%
Bajrangi Bhaijaan Salman Khan
79%
Badrinath Ki Dulhania Varun Dhawan
79%
Koi Mil Gaya Hrithik Roshan
77%
Bajirao Mastani Ranveer Singh
77%
Singham Ajay Devgan
72%
2 States Arjun Kapoor
71%
Munna Bhai MBBS Sanjay Dutt
71%
Devdas Shah Rukh Khan
71%
Guru Abhishek Bachchan
58%
Salaam Namaste Saif Ali Khan
54%
Hindi Medium Irrfan Khan
51%
Black Amitabh Bachchan
46%
No matching quizzes found
Score Distribution
Percent of People with Each Score
Percentile by Number Answered
Your Score History
You have not taken this quiz